=LDR 00000nam 2200000 4500 =001 INLIS000000000034027 =005 20130612135939 =008 ***********************************ind** =035 ##$$0010-061300000034027 =041 ##$$a ind =082 ##$$a 633.88 =090 ##$$a 633.88, Jat m =100 ##$$a Jainika,Ajat, Ir, M.Sc =245 ##$$a Meraup laba dari lidah buaya, Budidaya dan pengolahannya/Ir. Ajat Jatnika, M.Sc, Ir. Saptoningsih, Mp; Penyunting, Nafiandi Riawan =260 ##$$a 2009 $b Jakarta =300 ##$$a iv,120 hlm., Ilus, 23 cm =650 ##$$a Lidah buaya-Budidaya =700 ##$$a Saptoningsih =850 ##$$a NBPNMAT =990 ##$$a 0001/BPAP-NTB/2015 =990 ##$$a 0001/BPAP-NTB/2015